Normal view
MARC view
- Šejnoha, Jiří
Entry Personal Name
001 - CONTROL NUMBER
- control field: 42674
003 - CONTROL NUMBER IDENTIFIER
- control field: NUST
005 - DATE AND TIME OF LATEST TRANSACTION
- control field: 20210314132401.0
008 - FIXED-LENGTH DATA ELEMENTS
- fixed length control field: 210314|| aca||aabn | a|a d
040 ## - CATALOGING SOURCE
- Original cataloging agency: NUST
- Transcribing agency: NUST
100 ## - HEADING--PERSONAL NAME
- Personal name: Šejnoha, Jiří
670 ## - SOURCE DATA FOUND
- Source citation: Work cat.: (NUST): Bittnar, Zdeněk. 42673, Numerical methods in structural mechanics /, c1996.
